Life sentence: Poems and Journals: 1976-1980

שמור ב:
מידע ביבליוגרפי
מחבר ראשי: Mandel, Eli
פורמט: ספר
שפה:English
יצא לאור: Toronto, Canadá Press Porcépic 1981
נושאים:
תגים: הוספת תג
אין תגיות, היה/י הראשונ/ה לתייג את הרשומה!

MARC

LEADER 00000nam a2200000Ia 4500
008 170316s9999 xx 000 0 eng d
999 |c 21942  |d 21942 
040 |a cru BVZT 
090 |a 818 M-7L 
100 |a Mandel, Eli 
245 |a Life sentence: Poems and Journals: 1976-1980 
260 |a Toronto, Canadá 
260 |b Press Porcépic 
260 |c 1981 
300 |a 133 páginas 
650 |a LITERATURA CANADIENSE 
650 |a EN IDIOMA INGLÉS  |9 129 
650 |a POESÍA  |9 18 
650 |a CRÍTICA 
650 |a ANTOLOGÍAS 
942 |c 15 D  |h 818 M-7L  |2 z